00453nam a2200181Ia 450000500170000000800410001702000220005804100080008008200150008810000140010324500270011726000410014430000090018544000060019450000290020065000280022970000140025720251121230218.0230125s9999 xx 000 0 und d a978-81-8495-803-4 aeng a158.1bHAR aHartley M aThe Power Of Listening c2017bJaico Publishing HouseaMumbai a122p v1 aPersonality Development  aPersonality Development aHartley M